000 01304nab a2200241 i 4500
001 768714001
003 CO-MdFUSB
005 20240724170441.0
008 240724t1990 enk||||| |||| 00| 0 eng d
040 _bspa
_cCO-MdFUSB
_dCO-MdFUSB
041 _aeng
100 _aDussel, Enrique D.
_d1934-
_eautor
245 4 _aThe real motives for the conquest
_c/ Enrique Dussel ; traducido por Francis McDonagh
520 _aEl artículo analiza las "causas reales" de la conquista, que se basa en el hecho de que los invasores fueron los responsables de la expansión de la Europa moderna y del dominio del planeta. También es necesario tener en cuenta que la "conquista" siguió al "descubrimiento", y que las dos son distintas y, hasta cierto punto, tienen motivos distintos; ciertamente, los motivos de la segunda arrojan luz sobre los motivos de la primera.
546 _aTexto en inglés.
650 7 _aAntropología cultural y social
_96714
650 7 _aHistoria
_97022
650 7 _aCiencias sociales
_97078
700 _aMcDonagh, Francis,
_etraductor
773 0 _070507
_982843
_dLondres : Board, 1966.
_oR2695
_tConcilium :
_w(CO-MdFUSB)768714001
_x0010-5236
_gNúmero 6, (diciembre, 1990), páginas: 30 - 46
_qpágina: 30
942 _cANA
945 _aCatherine Arias Álvarez - Practicante SENA
999 _c70579
_d70579